[Event "Stay Safe Play From Home 409"]
[Site "Emanuel Lasker Arena"]
[Date "2020.08.25"]
[Round "6"]
[White "TheCHESSHOUSE"]
[Black "Ao017545"]
[Result "1-0"]
[WhiteElo "2069"]
[BlackElo "1563"]
[Annotator "NA"]
[PlyCount "77"]
[EventDate "2020.08.25"]
[EventType "swiss (blitz)"]
[TimeControl "60"]

1. d4 {[%emt 0:00:01]} e5 {[%emt 0:00:00]} 2. c3 {[%emt 0:00:00]} exd4 {[%emt 0:00:01]} 3. cxd4 {[%emt 0:00:00]} d5 {[%emt 0:00:00]} 4. Nc3 {[%emt 0:00:00]} Nf6 {[%emt 0:00:00]} 5. Nf3 {[%emt 0:00:00]} Bb4 {[%emt 0:00:00]} 6. Bd2 {[%emt 0:00:01]} Ne4 {[%emt 0:00:00]} 7. Nxe4 {[%emt 0:00:01]} dxe4 {[%emt 0:00:01]} 8. Bxb4 {[%emt 0:00:03]} exf3 {[%emt 0:00:01]} 9. exf3 {[%emt 0:00:00]} Nc6 {[%emt 0:00:03]} 10. Qe2+ {[%emt 0:00:05]} Be6 {[%emt 0:00:01]} 11. Bc3 {[%emt 0:00:08]} O-O {[%emt 0:00:06]} 12. Qd2 {[%emt 0:00:03]} Re8 {[%emt 0:00:00]} 13. Be2 {[%emt 0:00:01]} Bc4 {[%emt 0:00:01]} 14. O-O {[%emt 0:00:07]} Rxe2 {[%emt 0:00:01]} 15. Qf4 {[%emt 0:00:01]} Qf6 {[%emt 0:00:04]} 16. Qg3 {[%emt 0:00:01]} Rae8 {[%emt 0:00:03]} 17. d5 {[%emt 0:00:01]} Ne5 {[%emt 0:00:03]} 18. b3 {[%emt 0:00:02]} Bxd5 {[%emt 0:00:05]} 19. f4 {[%emt 0:00:01]} Qg6 {[%emt 0:00:09]} 20. fxe5 {[%emt 0:00:03]} Qxg3 {[%emt 0:00:01]} 21. hxg3 {[%emt 0:00:00]} Rc2 {[%emt 0:00:03]} 22. Rfc1 {[%emt 0:00:02]} Re2 {[%emt 0:00:03]} 23. Bd4 {[%emt 0:00:03]} c6 {[%emt 0:00:03]} 24. Rd1 {[%emt 0:00:04]} a6 {[%emt 0:00:02]} 25. Rd3 {[%emt 0:00:04]} Be4 {[%emt 0:00:01]} 26. Re3 {[%emt 0:00:01]} Bd5 {[%emt 0:00:00]} 27. Rxe2 {[%emt 0:00:01]} Bf3 {[%emt 0:00:02]} 28. gxf3 {[%emt 0:00:01]} Rd8 {[%emt 0:00:00]} 29. Rd2 {[%emt 0:00:01]} Re8 {[%emt 0:00:00]} 30. Be3 {[%emt 0:00:00]} Rf8 {[%emt 0:00:00]} 31. f4 {[%emt 0:00:00]} h6 {[%emt 0:00:00]} 32. Rad1 {[%emt 0:00:00]} Kh8 {[%emt 0:00:01]} 33. Rd8 {[%emt 0:00:00]} Kh7 {[%emt 0:00:01]} 34. Rxf8 {[%emt 0:00:01]} g6 {[%emt 0:00:00]} 35. Rxf7+ {[%emt 0:00:00]} Kg8 {[%emt 0:00:01]} 36. Rdd7 {[%emt 0:00:00]} g5 {[%emt 0:00:01]} 37. Rfe7 {[%emt 0:00:00]} g4 {[%emt 0:00:00]} 38. Rxb7 {[%emt 0:00:00]} Kf8 {[%emt 0:00:00]} 39. Rb8+ {[%emt 0:00:00] Zaman (Lag: Av=0.95s, max=1.6s)} 1-0

[Event "Stay Safe Play From Home 409"]
[Site "Emanuel Lasker Arena"]
[Date "2020.08.25"]
[Round "6"]
[White "Fat Kevin"]
[Black "Klasman"]
[Result "1-0"]
[WhiteElo "2050"]
[BlackElo "1343"]
[PlyCount "55"]
[EventDate "2020.08.25"]
[EventType "swiss (blitz)"]

1. d4 {[%emt 0:00:03]} f5 {[%emt 0:00:01]} 2. c4 {[%emt 0:00:00]} Nf6 {[%emt 0:00:01]} 3. Nc3 {[%emt 0:00:00]} e6 {[%emt 0:00:02]} 4. e4 {[%emt 0:00:01]} fxe4 {[%emt 0:00:02]} 5. Qc2 {[%emt 0:00:00]} Bb4 {[%emt 0:00:02]} 6. Bg5 {[%emt 0:00:01]} O-O {[%emt 0:00:03]} 7. O-O-O {[%emt 0:00:01]} d5 {[%emt 0:00:01]} 8. c5 {[%emt 0:00:02]} Bxc3 {[%emt 0:00:02]} 9. Qxc3 {[%emt 0:00:01]} Nc6 {[%emt 0:00:02]} 10. Ne2 {[%emt 0:00:01]} a5 {[%emt 0:00:02]} 11. Nf4 {[%emt 0:00:01]} Bd7 {[%emt 0:00:02]} 12. Bb5 {[%emt 0:00:01]} h6 {[%emt 0:00:01]} 13. Ng6 {[%emt 0:00:05]} Rf7 {[%emt 0:00:03]} 14. Bh4 {[%emt 0:00:01]} Kh7 {[%emt 0:00:01]} 15. Bxc6 {[%emt 0:00:04]} bxc6 {[%emt 0:00:02]} 16. Ne5 {[%emt 0:00:00]} g5 {[%emt 0:00:03]} 17. Bxg5 {[%emt 0:00:02]} hxg5 {[%emt 0:00:01]} 18. h4 {[%emt 0:00:00]} g4 {[%emt 0:00:01]} 19. f3 {[%emt 0:00:00]} gxf3 {[%emt 0:00:02]} 20. gxf3 {[%emt 0:00:00]} exf3 {[%emt 0:00:01]} 21. Qxf3 {[%emt 0:00:00]} Rg7 {[%emt 0:00:03]} 22. Qd3+ {[%emt 0:00:00]} Kh8 {[%emt 0:00:02]} 23. Rdf1 {[%emt 0:00:01]} Qf8 {[%emt 0:00:02]} 24. Qe3 {[%emt 0:00:01]} Ne4 {[%emt 0:00:02]} 25. Qh6+ {[%emt 0:00:01]} Rh7 {[%emt 0:00:03]} 26. Ng6+ {[%emt 0:00:01]} Kg8 {[%emt 0:00:03]} 27. Rxf8+ {[%emt 0:00:00]} Rxf8 {[%emt 0:00:02]} 28. Qxf8# {[%emt 0:00:00] (Lag: Av=0.42s, max=0.7s) (Lag: Av=0.42s, max=0.7s) (Lag: Av=0.42s, max=0.7s)} 1-0

[Event "Stay Safe Play From Home 409"]
[Site "Emanuel Lasker Arena"]
[Date "2020.08.25"]
[Round "6"]
[White "Trotsky"]
[Black "AChessPlayer"]
[Result "0-1"]
[WhiteElo "1614"]
[BlackElo "2373"]
[PlyCount "46"]
[EventDate "2020.08.25"]
[EventType "swiss (blitz)"]

1. d4 {[%emt 0:00:01]} e6 {[%emt 0:00:02]} 2. e3 {[%emt 0:00:01]} d5 {[%emt 0:00:00]} 3. c4 {[%emt 0:00:01]} Bd6 {[%emt 0:00:00]} 4. Nc3 {[%emt 0:00:01]} c6 {[%emt 0:00:00]} 5. c5 {[%emt 0:00:01]} Bc7 {[%emt 0:00:01]} 6. Bd3 {[%emt 0:00:01]} f5 {[%emt 0:00:00]} 7. Qc2 {[%emt 0:00:01]} Nf6 {[%emt 0:00:00]} 8. Nf3 {[%emt 0:00:01]} O-O {[%emt 0:00:00]} 9. Bd2 {[%emt 0:00:01]} Nbd7 {[%emt 0:00:00]} 10. h4 {[%emt 0:00:01]} Ne4 {[%emt 0:00:01]} 11. Nxe4 {[%emt 0:00:02]} fxe4 {[%emt 0:00:01]} 12. Bxe4 {[%emt 0:00:01]} dxe4 {[%emt 0:00:00]} 13. Qxe4 {[%emt 0:00:01]} Nf6 {[%emt 0:00:00]} 14. Qd3 {[%emt 0:00:01]} e5 {[%emt 0:00:01]} 15. Ng5 {[%emt 0:00:01]} exd4 {[%emt 0:00:02]} 16. O-O-O {[%emt 0:00:02]} Qd5 {[%emt 0:00:03]} 17. exd4 {[%emt 0:00:04]} Bf5 {[%emt 0:00:01]} 18. Qc3 {[%emt 0:00:02]} Qxa2 {[%emt 0:00:01]} 19. Be3 {[%emt 0:00:09]} h6 {[%emt 0:00:01]} 20. g4 {[%emt 0:00:03]} Bg6 {[%emt 0:00:01]} 21. f3 {[%emt 0:00:04]} hxg5 {[%emt 0:00:01]} 22. hxg5 {[%emt 0:00:01]} Nd5 {[%emt 0:00:00]} 23. Qd2 {[%emt 0:00:02]} Qb1# {[%emt 0:00:01] (Lag: Av=0.66s, max=1.4s) (Lag: Av=0.66s, max=1.4s) (Lag: Av=0.66s, max=1.4s)} 0-1

[Event "Stay Safe Play From Home 409"]
[Site "Emanuel Lasker Arena"]
[Date "2020.08.25"]
[Round "7"]
[White "Mepe_Nika"]
[Black "NTBT_DHS"]
[Result "0-1"]
[WhiteElo "2390"]
[BlackElo "2552"]
[PlyCount "92"]
[EventDate "2020.08.25"]
[EventType "swiss (blitz)"]

1. d4 {[%emt 0:00:01]} g6 {[%emt 0:00:00]} 2. e4 {[%emt 0:00:02]} Bg7 {[%emt 0:00:00]} 3. Nf3 {[%emt 0:00:02]} d6 {[%emt 0:00:00]} 4. c3 {[%emt 0:00:01]} Nf6 {[%emt 0:00:01]} 5. Bd3 {[%emt 0:00:00]} O-O {[%emt 0:00:00]} 6. O-O {[%emt 0:00:01]} c5 {[%emt 0:00:00]} 7. Re1 {[%emt 0:00:01]} cxd4 {[%emt 0:00:01]} 8. cxd4 {[%emt 0:00:01]} Nc6 {[%emt 0:00:00]} 9. h3 {[%emt 0:00:01]} e5 {[%emt 0:00:02]} 10. d5 {[%emt 0:00:02]} Nb4 {[%emt 0:00:00]} 11. Bf1 {[%emt 0:00:02]} a5 {[%emt 0:00:01]} 12. Nc3 {[%emt 0:00:01]} Nh5 {[%emt 0:00:01]} 13. Bg5 {[%emt 0:00:01]} f6 {[%emt 0:00:01]} 14. Be3 {[%emt 0:00:01]} f5 {[%emt 0:00:01]} 15. a3 {[%emt 0:00:01]} Na6 {[%emt 0:00:01]} 16. exf5 {[%emt 0:00:08]} gxf5 {[%emt 0:00:12]} 17. Ng5 {[%emt 0:00:01]} Qe8 {[%emt 0:00:04]} 18. Bb5 {[%emt 0:00:03]} Qg6 {[%emt 0:00:01]} 19. Ne6 {[%emt 0:00:03]} f4 {[%emt 0:00:02]} 20. Bb6 {[%emt 0:00:02]} Rf5 {[%emt 0:00:04]} 21. Qg4 {[%emt 0:00:03]} Nf6 {[%emt 0:00:04]} 22. Qxg6 {[%emt 0:00:01]} hxg6 {[%emt 0:00:00]} 23. Ne4 {[%emt 0:00:04]} Nxd5 {[%emt 0:00:01]} 24. Nxg7 {[%emt 0:00:06]} Kxg7 {[%emt 0:00:03]} 25. Nxd6 {[%emt 0:00:03]} Nxb6 {[%emt 0:00:01]} 26. Nxf5+ {[%emt 0:00:01]} Bxf5 {[%emt 0:00:00]} 27. Rac1 {[%emt 0:00:01]} Rd8 {[%emt 0:00:01]} 28. Rxe5 {[%emt 0:00:01]} Rd2 {[%emt 0:00:02]} 29. Bxa6 {[%emt 0:00:01]} bxa6 {[%emt 0:00:01]} 30. Re7+ {[%emt 0:00:01]} Kf6 {[%emt 0:00:02]} 31. Rec7 {[%emt 0:00:00]} Nd5 {[%emt 0:00:01]} 32. R1c6+ {[%emt 0:00:00]} Kg5 {[%emt 0:00:01]} 33. Rb7 {[%emt 0:00:01]} f3 {[%emt 0:00:01]} 34. gxf3 {[%emt 0:00:01]} Bxh3 {[%emt 0:00:01]} 35. Kh2 {[%emt 0:00:00]} Bf5 {[%emt 0:00:01]} 36. Kg3 {[%emt 0:00:00]} Rd1 {[%emt 0:00:00]} 37. Rc5 {[%emt 0:00:00]} Rg1+ {[%emt 0:00:01]} 38. Kh2 {[%emt 0:00:01]} Rd1 {[%emt 0:00:00]} 39. Kg2 {[%emt 0:00:01]} Nf4+ {[%emt 0:00:00]} 40. Kg3 {[%emt 0:00:01]} Rg1+ {[%emt 0:00:00]} 41. Kh2 {[%emt 0:00:00]} Rg2+ {[%emt 0:00:00]} 42. Kh1 {[%emt 0:00:00]} Rxf2 {[%emt 0:00:00]} 43. Rxf5+ {[%emt 0:00:01]} gxf5 {[%emt 0:00:01]} 44. Kg1 {[%emt 0:00:00]} Nh3+ {[%emt 0:00:01]} 45. Kh1 {[%emt 0:00:00]} Kf4 {[%emt 0:00:00]} 46. Rb6 {[%emt 0:00:00]} Kg3 {[%emt 0:00:00]} 0-1

[Event "Stay Safe Play From Home 409"]
[Site "Emanuel Lasker Arena"]
[Date "2020.08.25"]
[Round "7"]
[White "IceQueen"]
[Black "AChessPlayer"]
[Result "1-0"]
[WhiteElo "2305"]
[BlackElo "2373"]
[PlyCount "97"]
[EventDate "2020.08.25"]
[EventType "swiss (blitz)"]

1. e4 {[%emt 0:00:01]} c6 {[%emt 0:00:01]} 2. Nc3 {[%emt 0:00:00]} d6 {[%emt 0:00:01]} 3. d4 {[%emt 0:00:00]} g6 {[%emt 0:00:00]} 4. h4 {[%emt 0:00:01]} h5 {[%emt 0:00:02]} 5. Bg5 {[%emt 0:00:00]} Bg7 {[%emt 0:00:01]} 6. Nf3 {[%emt 0:00:02]} Nd7 {[%emt 0:00:00]} 7. Qe2 {[%emt 0:00:01]} Qa5 {[%emt 0:00:01]} 8. O-O-O {[%emt 0:00:00]} b5 {[%emt 0:00:00]} 9. e5 {[%emt 0:00:02]} d5 {[%emt 0:00:03]} 10. e6 {[%emt 0:00:01]} fxe6 {[%emt 0:00:01]} 11. Qxe6 {[%emt 0:00:00]} Nf8 {[%emt 0:00:01]} 12. Qxc6+ {[%emt 0:00:01]} Kf7 {[%emt 0:00:03]} 13. Qxd5+ {[%emt 0:00:01]} Be6 {[%emt 0:00:01]} 14. Qxa8 {[%emt 0:00:00]} b4 {[%emt 0:00:00]} 15. d5 {[%emt 0:00:01]} bxc3 {[%emt 0:00:04]} 16. dxe6+ {[%emt 0:00:00]} Nxe6 {[%emt 0:00:01]} 17. Qd5 {[%emt 0:00:04]} Qb4 {[%emt 0:00:05]} 18. Qb3 {[%emt 0:00:02]} cxb2+ {[%emt 0:00:04]} 19. Kb1 {[%emt 0:00:01]} Qc5 {[%emt 0:00:00]} 20. Bc4 {[%emt 0:00:01]} Bf6 {[%emt 0:00:06]} 21. Bxe6+ {[%emt 0:00:01]} Kg7 {[%emt 0:00:00]} 22. Rhe1 {[%emt 0:00:01]} a5 {[%emt 0:00:01]} 23. Qc4 {[%emt 0:00:01]} Qa3 {[%emt 0:00:02]} 24. Bxg8 {[%emt 0:00:01]} Rxg8 {[%emt 0:00:01]} 25. Bxf6+ {[%emt 0:00:01]} exf6 {[%emt 0:00:01]} 26. Re7+ {[%emt 0:00:01]} Qxe7 {[%emt 0:00:02]} 27. Nd4 {[%emt 0:00:06]} Re8 {[%emt 0:00:02]} 28. Nc6 {[%emt 0:00:05]} Qc7 {[%emt 0:00:01]} 29. Qd5 {[%emt 0:00:02]} Kh6 {[%emt 0:00:02]} 30. Qd2+ {[%emt 0:00:02]} g5 {[%emt 0:00:02]} 31. Nd4 {[%emt 0:00:00]} Re5 {[%emt 0:00:03]} 32. hxg5+ {[%emt 0:00:00]} fxg5 {[%emt 0:00:00]} 33. Nf3 {[%emt 0:00:00]} Rf5 {[%emt 0:00:01]} 34. Qd6+ {[%emt 0:00:02]} Qxd6 {[%emt 0:00:00]} 35. Rxd6+ {[%emt 0:00:00]} Kg7 {[%emt 0:00:00]} 36. Kxb2 {[%emt 0:00:00]} g4 {[%emt 0:00:00]} 37. Nh4 {[%emt 0:00:03]} Rxf2 {[%emt 0:00:00]} 38. g3 {[%emt 0:00:00]} Kf7 {[%emt 0:00:01]} 39. Rd5 {[%emt 0:00:01]} Rf1 {[%emt 0:00:00]} 40. Rxh5 {[%emt 0:00:01]} Rg1 {[%emt 0:00:00]} 41. Nf5 {[%emt 0:00:02]} Ke6 {[%emt 0:00:00]} 42. Nd4+ {[%emt 0:00:02]} Kf6 {[%emt 0:00:01]} 43. Rf5+ {[%emt 0:00:01]} Kg6 {[%emt 0:00:00]} 44. Rxa5 {[%emt 0:00:00]} Rd1 {[%emt 0:00:00]} 45. Ra6+ {[%emt 0:00:00]} Kg5 {[%emt 0:00:01]} 46. c3 {[%emt 0:00:00]} Rd2+ {[%emt 0:00:01]} 47. Kb3 {[%emt 0:00:00]} Rg2 {[%emt 0:00:00]} 48. Ra5+ {[%emt 0:00:00]} Kf6 {[%emt 0:00:01]} 49. Nf5 {[%emt 0:00:00] Time Time Time (Lag: Av=0.73s, max=1.5s) (Lag: Av=0.73s, max=1.5s) (Lag: Av=0.73s, max=1.5s)} 1-0

[Event "Stay Safe Play From Home 409"]
[Site "Emanuel Lasker Arena"]
[Date "2020.08.25"]
[Round "7"]
[White "Nguyen Hong Anh"]
[Black "Tran Minh Thang"]
[Result "0-1"]
[WhiteElo "2287"]
[BlackElo "2428"]
[PlyCount "78"]
[EventDate "2020.08.25"]
[EventType "swiss (blitz)"]

1. d4 {[%emt 0:00:02]} Nf6 {[%emt 0:00:00]} 2. c4 {[%emt 0:00:00]} g6 {[%emt 0:00:00]} 3. Nf3 {[%emt 0:00:01]} Bg7 {[%emt 0:00:01]} 4. g3 {[%emt 0:00:00]} O-O {[%emt 0:00:01]} 5. Bg2 {[%emt 0:00:00]} d5 {[%emt 0:00:00]} 6. O-O {[%emt 0:00:00]} dxc4 {[%emt 0:00:01]} 7. Na3 {[%emt 0:00:01]} c3 {[%emt 0:00:00]} 8. bxc3 {[%emt 0:00:02]} c5 {[%emt 0:00:00]} 9. Nc2 {[%emt 0:00:02]} Nc6 {[%emt 0:00:01]} 10. Rb1 {[%emt 0:00:00]} Ne4 {[%emt 0:00:01]} 11. Bb2 {[%emt 0:00:03]} Bf5 {[%emt 0:00:01]} 12. Nh4 {[%emt 0:00:01]} Qa5 {[%emt 0:00:03]} 13. Nxf5 {[%emt 0:00:01]} gxf5 {[%emt 0:00:00]} 14. Ne3 {[%emt 0:00:03]} Nxc3 {[%emt 0:00:04]} 15. Bxc3 {[%emt 0:00:01]} Qxc3 {[%emt 0:00:00]} 16. Nxf5 {[%emt 0:00:01]} Nxd4 {[%emt 0:00:00]} 17. Nxe7+ {[%emt 0:00:01]} Kh8 {[%emt 0:00:01]} 18. Rxb7 {[%emt 0:00:01]} Rfe8 {[%emt 0:00:02]} 19. e3 {[%emt 0:00:01]} Ne6 {[%emt 0:00:04]} 20. Qh5 {[%emt 0:00:01]} Qf6 {[%emt 0:00:05]} 21. Nd5 {[%emt 0:00:02]} Qg6 {[%emt 0:00:00]} 22. Qf3 {[%emt 0:00:02]} Rf8 {[%emt 0:00:02]} 23. Ne7 {[%emt 0:00:01]} Qf6 {[%emt 0:00:02]} 24. Qh5 {[%emt 0:00:01]} Rab8 {[%emt 0:00:04]} 25. Rxa7 {[%emt 0:00:01]} c4 {[%emt 0:00:01]} 26. Nd5 {[%emt 0:00:01]} Qe5 {[%emt 0:00:01]} 27. Qg4 {[%emt 0:00:02]} c3 {[%emt 0:00:01]} 28. Qc4 {[%emt 0:00:03]} Rbc8 {[%emt 0:00:01]} 29. Qe2 {[%emt 0:00:01]} c2 {[%emt 0:00:01]} 30. Qd2 {[%emt 0:00:01]} Qb2 {[%emt 0:00:01]} 31. Qc1 {[%emt 0:00:01]} Qxc1 {[%emt 0:00:01]} 32. Rxc1 {[%emt 0:00:00]} Bb2 {[%emt 0:00:00]} 33. Rxc2 {[%emt 0:00:01]} Rxc2 {[%emt 0:00:01]} 34. Be4 {[%emt 0:00:00]} Rc4 {[%emt 0:00:02]} 35. Bd3 {[%emt 0:00:02]} Rc5 {[%emt 0:00:00]} 36. Nf4 {[%emt 0:00:01]} Nxf4 {[%emt 0:00:01]} 37. exf4 {[%emt 0:00:00]} Kg7 {[%emt 0:00:00]} 38. Kg2 {[%emt 0:00:01]} Bd4 {[%emt 0:00:01]} 39. a4 {[%emt 0:00:01]} Rc3 {[%emt 0:00:01] Nguyen Hong Anh resigns Nguyen Hong Anh resigns Nguyen Hong Anh resigns (Lag: Av=1.34s, max=2.2s) (Lag: Av=1.34s, max=2.2s) (Lag: Av=1.34s, max=2.2s)} 0-1

[Event "Stay Safe Play From Home 409"]
[Site "Emanuel Lasker Arena"]
[Date "2020.08.25"]
[Round "7"]
[White "Hickey"]
[Black "Fat Kevin"]
[Result "1-0"]
[WhiteElo "2259"]
[BlackElo "2051"]
[PlyCount "101"]
[EventDate "2020.08.25"]
[EventType "swiss (blitz)"]

1. Nf3 {[%emt 0:00:02]} c5 {[%emt 0:00:00]} 2. g3 {[%emt 0:00:00]} Nf6 {[%emt 0:00:00]} 3. Bg2 {[%emt 0:00:00]} g6 {[%emt 0:00:00]} 4. O-O {[%emt 0:00:00]} Bg7 {[%emt 0:00:00]} 5. c4 {[%emt 0:00:00]} O-O {[%emt 0:00:00]} 6. Nc3 {[%emt 0:00:00]} Nc6 {[%emt 0:00:00]} 7. d4 {[%emt 0:00:00]} e6 {[%emt 0:00:00]} 8. d5 {[%emt 0:00:01]} Ne7 {[%emt 0:00:01]} 9. e4 {[%emt 0:00:01]} d6 {[%emt 0:00:01]} 10. Bg5 {[%emt 0:00:02]} e5 {[%emt 0:00:01]} 11. Re1 {[%emt 0:00:01]} h6 {[%emt 0:00:01]} 12. Bd2 {[%emt 0:00:01]} a6 {[%emt 0:00:01]} 13. h3 {[%emt 0:00:01]} Bd7 {[%emt 0:00:01]} 14. Nh4 {[%emt 0:00:01]} Qc8 {[%emt 0:00:01]} 15. Kh2 {[%emt 0:00:02]} b6 {[%emt 0:00:01]} 16. f4 {[%emt 0:00:02]} b5 {[%emt 0:00:01]} 17. b3 {[%emt 0:00:01]} Rb8 {[%emt 0:00:02]} 18. f5 {[%emt 0:00:01]} g5 {[%emt 0:00:02]} 19. Nf3 {[%emt 0:00:01]} Nh7 {[%emt 0:00:01]} 20. Qc1 {[%emt 0:00:02]} bxc4 {[%emt 0:00:01]} 21. bxc4 {[%emt 0:00:00]} f6 {[%emt 0:00:06]} 22. h4 {[%emt 0:00:01]} Qe8 {[%emt 0:00:01]} 23. hxg5 {[%emt 0:00:01]} hxg5 {[%emt 0:00:01]} 24. Kg1 {[%emt 0:00:01]} Qh5 {[%emt 0:00:02]} 25. Kf2 {[%emt 0:00:00]} g4 {[%emt 0:00:01]} 26. Rh1 {[%emt 0:00:01]} Qf7 {[%emt 0:00:02]} 27. Nh4 {[%emt 0:00:01]} Rb4 {[%emt 0:00:02]} 28. Bf1 {[%emt 0:00:02]} Rfb8 {[%emt 0:00:01]} 29. Bd3 {[%emt 0:00:01]} Ng5 {[%emt 0:00:01]} 30. Bxg5 {[%emt 0:00:02]} fxg5 {[%emt 0:00:00]} 31. Qxg5 {[%emt 0:00:01]} Kf8 {[%emt 0:00:02]} 32. Ne2 {[%emt 0:00:01]} Ke8 {[%emt 0:00:02]} 33. Qxg4 {[%emt 0:00:01]} Rb2 {[%emt 0:00:02]} 34. Nf3 {[%emt 0:00:02]} Kd8 {[%emt 0:00:03]} 35. Rh7 {[%emt 0:00:01]} Kc7 {[%emt 0:00:01]} 36. Rxg7 {[%emt 0:00:01]} Qe8 {[%emt 0:00:01]} 37. Qg5 {[%emt 0:00:02]} Nc8 {[%emt 0:00:02]} 38. f6 {[%emt 0:00:02]} Qf8 {[%emt 0:00:03]} 39. f7 {[%emt 0:00:01]} Ne7 {[%emt 0:00:01]} 40. Qf6 {[%emt 0:00:01]} Nc8 {[%emt 0:00:01]} 41. Ng5 {[%emt 0:00:01]} Nb6 {[%emt 0:00:02]} 42. Nh7 {[%emt 0:00:02]} Qd8 {[%emt 0:00:00]} 43. f8=Q {[%emt 0:00:01]} Qxf6+ {[%emt 0:00:01]} 44. Qxf6 {[%emt 0:00:02]} Nxc4 {[%emt 0:00:00]} 45. Rxd7+ {[%emt 0:00:01]} Kxd7 {[%emt 0:00:01]} 46. Bxc4 {[%emt 0:00:00]} Kc7 {[%emt 0:00:00]} 47. Qe6 {[%emt 0:00:00]} Kb6 {[%emt 0:00:01]} 48. Nf6 {[%emt 0:00:00]} Ka5 {[%emt 0:00:01]} 49. Qxd6 {[%emt 0:00:00]} R8b6 {[%emt 0:00:00]} 50. Qxc5+ {[%emt 0:00:00]} Ka4 {[%emt 0:00:01]} 51. Bb3+ {[%emt 0:00:01] Zeit Zeit Zeit (Lag: Av=0.57s, max=1.3s) (Lag: Av=0.57s, max=1.3s) (Lag: Av=0.57s, max=1.3s)} 1-0

[Event "Stay Safe Play From Home 409"]
[Site "Emanuel Lasker Arena"]
[Date "2020.08.25"]
[Round "7"]
[White "Stefanone"]
[Black "TheCHESSHOUSE"]
[Result "1-0"]
[WhiteElo "2042"]
[BlackElo "2071"]
[PlyCount "57"]
[EventDate "2020.08.25"]
[EventType "swiss (blitz)"]

1. d4 {[%emt 0:00:01]} Nf6 {[%emt 0:00:01]} 2. e3 {[%emt 0:00:00]} g6 {[%emt 0:00:01]} 3. f4 {[%emt 0:00:00]} Bg7 {[%emt 0:00:00]} 4. Nf3 {[%emt 0:00:00]} d6 {[%emt 0:00:01]} 5. Bc4 {[%emt 0:00:01]} O-O {[%emt 0:00:00]} 6. Ng5 {[%emt 0:00:00]} e6 {[%emt 0:00:01]} 7. O-O {[%emt 0:00:02]} a6 {[%emt 0:00:00]} 8. c3 {[%emt 0:00:01]} b5 {[%emt 0:00:01]} 9. Bb3 {[%emt 0:00:00]} Bb7 {[%emt 0:00:00]} 10. Qe2 {[%emt 0:00:01]} Nbd7 {[%emt 0:00:02]} 11. e4 {[%emt 0:00:01]} h6 {[%emt 0:00:00]} 12. e5 {[%emt 0:00:02]} hxg5 {[%emt 0:00:02]} 13. exf6 {[%emt 0:00:01]} Bxf6 {[%emt 0:00:00]} 14. fxg5 {[%emt 0:00:01]} Bxg5 {[%emt 0:00:00]} 15. Bxg5 {[%emt 0:00:01]} Qxg5 {[%emt 0:00:00]} 16. Nd2 {[%emt 0:00:00]} c5 {[%emt 0:00:05]} 17. Nf3 {[%emt 0:00:00]} Qh6 {[%emt 0:00:02]} 18. Qf2 {[%emt 0:00:01]} c4 {[%emt 0:00:01]} 19. Bc2 {[%emt 0:00:01]} Nf6 {[%emt 0:00:01]} 20. Rae1 {[%emt 0:00:01]} Nd5 {[%emt 0:00:01]} 21. Qg3 {[%emt 0:00:01]} Qg7 {[%emt 0:00:01]} 22. Ng5 {[%emt 0:00:01]} Rad8 {[%emt 0:00:02]} 23. Re4 {[%emt 0:00:02]} Ne7 {[%emt 0:00:01]} 24. Rh4 {[%emt 0:00:01]} Nf5 {[%emt 0:00:01]} 25. Bxf5 {[%emt 0:00:01]} exf5 {[%emt 0:00:02]} 26. Rh7 {[%emt 0:00:01]} Qf6 {[%emt 0:00:00]} 27. Qh4 {[%emt 0:00:03]} Rfe8 {[%emt 0:00:01]} 28. Rxf7 {[%emt 0:00:03]} Re2 {[%emt 0:00:01]} 29. Qh7# {[%emt 0:00:02] (Lag: Av=0.58s, max=1.0s) (Lag: Av=0.58s, max=1.0s) (Lag: Av=0.58s, max=1.0s)} 1-0

[Event "Stay Safe Play From Home 409"]
[Site "Emanuel Lasker Arena"]
[Date "2020.08.25"]
[Round "7"]
[White "Ao017545"]
[Black "Trotsky"]
[Result "1-0"]
[WhiteElo "1561"]
[BlackElo "1613"]
[Annotator "NA"]
[PlyCount "69"]
[EventDate "2020.08.25"]
[EventType "swiss (blitz)"]

1. e4 {[%emt 0:00:01]} c5 {[%emt 0:00:01]} 2. Nf3 {[%emt 0:00:01]} e6 {[%emt 0:00:00]} 3. Nc3 {[%emt 0:00:00]} d5 {[%emt 0:00:01]} 4. exd5 {[%emt 0:00:02]} exd5 {[%emt 0:00:01]} 5. d4 {[%emt 0:00:00]} Be6 {[%emt 0:00:01]} 6. dxc5 {[%emt 0:00:02]} Bxc5 {[%emt 0:00:02]} 7. Ng5 {[%emt 0:00:00]} h5 {[%emt 0:00:02]} 8. Nxe6 {[%emt 0:00:01]} fxe6 {[%emt 0:00:01]} 9. Bd3 {[%emt 0:00:01]} Qf6 {[%emt 0:00:06]} 10. O-O {[%emt 0:00:04]} Nc6 {[%emt 0:00:02]} 11. h4 {[%emt 0:00:02]} O-O-O {[%emt 0:00:01]} 12. Bg5 {[%emt 0:00:02]} Qe5 {[%emt 0:00:02]} 13. Bxd8 {[%emt 0:00:00]} Nxd8 {[%emt 0:00:03]} 14. Qf3 {[%emt 0:00:02]} Bd6 {[%emt 0:00:02]} 15. Qh3 {[%emt 0:00:03]} Nf6 {[%emt 0:00:02]} 16. Rfe1 {[%emt 0:00:01]} Qf4 {[%emt 0:00:02]} 17. Rad1 {[%emt 0:00:04]} Ng4 {[%emt 0:00:01]} 18. f3 {[%emt 0:00:02]} Qd4+ {[%emt 0:00:04]} 19. Kh1 {[%emt 0:00:03]} Nf2+ {[%emt 0:00:01]} 20. Kg1 {[%emt 0:00:03]} Nxh3+ {[%emt 0:00:01]} 21. Kh1 {[%emt 0:00:02]} Qf4 {[%emt 0:00:02]} 22. Re5 {[%emt 0:00:09]} Qh2+ {[%emt 0:00:02]} 23. Kxh2 {[%emt 0:00:02]} Bxe5+ {[%emt 0:00:01]} 24. Kxh3 {[%emt 0:00:00]} Rf8 {[%emt 0:00:02]} 25. Bg6 {[%emt 0:00:02]} Rf6 {[%emt 0:00:01]} 26. Bxh5 {[%emt 0:00:02]} g6 {[%emt 0:00:02]} 27. Bg4 {[%emt 0:00:00]} Kc7 {[%emt 0:00:01]} 28. Ne2 {[%emt 0:00:00]} Nf7 {[%emt 0:00:03]} 29. Nd4 {[%emt 0:00:00]} Nh6 {[%emt 0:00:02]} 30. Nb5+ {[%emt 0:00:00]} Kb6 {[%emt 0:00:01]} 31. Nc3 {[%emt 0:00:01]} Nxg4 {[%emt 0:00:01]} 32. Na4+ {[%emt 0:00:00]} Ka5 {[%emt 0:00:02]} 33. fxg4 {[%emt 0:00:00]} Rf2 {[%emt 0:00:02]} 34. b3 {[%emt 0:00:00]} Kb4 {[%emt 0:00:02]} 35. Nb2 {[%emt 0:00:00] Âðåìÿ Âðåìÿ Âðåìÿ (Lag: Av=0.54s, max=1.2s) (Lag: Av=0.54s, max=1.2s) (Lag: Av=0.54s, max=1.2s)} 1-0